|
|
|
|
| LEADER |
00000nab a2200000 a 4500 |
| 001 |
vtls008954485 |
| 003 |
SK-MaSNL |
| 005 |
20260303070321.0 |
| 008 |
140303c2007 xo wrzp 0 0slo |
| 015 |
|
|
|a SNBRB2007/02
|2 snkbucl
|
| 040 |
|
|
|a SNKBUCL
|b slo
|c SNKBUCL
|e AACR2
|
| 041 |
0 |
|
|a slo
|
| 044 |
|
|
|a xo
|c SK
|
| 080 |
|
|
|a 369.26
|x (437.6)
|2 1997
|
| 100 |
1 |
|
|a Janík, Branislav
|4 aut
|4 ivr
|9 838464
|
| 245 |
1 |
0 |
|a Ministerstvo nepredstavilo koncepciu smerovania zmien
|b -hovorí Ing. Janka Červenáková, prezidentka zdravotnej poisťovne Apollo, a. s.
|c [zhováral sa[ Branislav Janík
|
| 300 |
|
|
|a Fotogr.
|
| 610 |
2 |
7 |
|a Apollo (zdravotná poisťovňa)
|2 snkbucl
|9 162975
|
| 650 |
0 |
7 |
|a zdravotné poisťovne
|2 snkbucl
|9 69782
|
| 700 |
1 |
|
|a Červenáková, Janka
|4 aut
|9 391748
|
| 773 |
0 |
|
|t Zdravotnícke noviny
|g Roč. XII, č. 8 (2007), s. 10
|x 1335-4477
|
| 852 |
|
|
|a SNK
|b KIS3GCP
|
| 958 |
|
|
|a MI
|
| 958 |
|
|
|a SK
|
| 999 |
|
|
|c 1754857
|d 1756787
|